'Name' Songs - Statistics

General Stats
  • This quiz has been taken 76 times
  • The average score is 6 of 15
Answer Stats
Hint Answer % Correct
The Police. 1979 Roxanne
93%
Toni Basil. 1982 Mickey
81%
Laura Branigan. 1982 Gloria
74%
Barry Manilow. 1975 Mandy
74%
Elton John. 1973 Daniel
60%
Michael Jackson. 1972 Ben
56%
Gilbert O'Sullivan. 1972 Clair
42%
Mark Ronson & Amy Winehouse. 2007 Valerie
42%
Elton John. 1985 Nikita
39%
Hot Chocolate. 1974 Emma
30%
Cliff Richard. 1980 Carrie
18%
10cc. 1972 Donna
16%
Al Martino. 1953 Rachel
5%
Terrorvision. 1993 Josephine
4%
Shakin' Stevens. 1982 Shirley
4%
No matching quizzes found
Score Distribution
Percent of People with Each Score
Percentile by Number Answered
Your Score History
You have not taken this quiz